| 000 | 00618cam a22002174a 4500 | ||
|---|---|---|---|
| 001 | 13107682 | ||
| 003 | OSt | ||
| 005 | 20150219090602.0 | ||
| 007 | co|||| | ||
| 008 | 030228s0000 caub b s 0 eng | ||
| 010 | _a 2003623296 | ||
| 020 | _a0-02-149174-7 | ||
| 040 | _cBMC | ||
| 082 | _a973.766 | ||
| 110 | 2 |
_aNational Geographic Society _916881 |
|
| 245 | 1 | 0 |
_aOklahoma _b:Aventures in time and place |
| 260 |
_a[San Francisco] _bNational Geographic Holdings, Inc. _c[2002] |
||
| 300 |
_a265 p. _bil. col _c28 cm |
||
| 651 | 4 |
_aOklahoma (Estados Unidos) _931835 _xDescripción |
|
| 942 |
_2ddc _cBK _hahoj |
||
| 999 |
_c18727 _d18727 |
||